| 000 | 00556nam a2200145 4500 | ||
|---|---|---|---|
| 001 | 138056 | ||
| 003 | ES-MaACL | ||
| 005 | 20230906195508.0 | ||
| 007 | t| | ||
| 008 | 070214s1907 sp r ||||1| spa d | ||
| 100 | 1 |
_aSánchez Mata, Nicasio. _9102770 |
|
| 245 | 1 | 3 |
_aEl socialismo y la Democracia Cristiana como sistemas de restauración social _b: oración inaugural del curso académico de 1907 a 1908 / _cleída por el Dr. D. Nicasio Sánchez Mata. |
| 260 |
_aSalamanca : _b[s. n.], _c1907 ( _fImp. de Francisco Núñez) |
||
| 852 |
_aES-MaACL _jT-1181-F-5 |
||
| 999 |
_c138056 _d138056 |
||